000 00514nam a2200193Ia 4500
005 20240823020510.0
008 240823s9999||||xx |||||||||||||| ||und||
020 _a81-297-0028-X
041 _aENGLISH
082 _A610.28 P5
100 _a"Cromwell,Leslie [et al]"
245 0 _aBiomedical Instrumentation and Measurements
250 _a2nd
260 _c2005
_b"Pearson Education,New "
500 _aTRANSFERED
650 _aBiomedical Instrumentation
_bInstrumentation
942 _cBK
999 _c174895
_d174895